AI and big data: (Record no. 39176)

MARC details
000 -LEADER
fixed length control field 02550cam a22003737i 4500
020 ## - INTERNATIONAL STANDARD BOOK NUMBER
ISBN 9781802209518
082 04 - DEWEY DECIMAL CLASSIFICATION NUMBER
Classification number 006.3
Item number MAR-A
100 1# - MAIN ENTRY--AUTHOR NAME
Personal name Findlay, Mark,
Relator term author.
245 10 - TITLE STATEMENT
Title AI and big data:
Sub Title disruptive regulation/
Statement of responsibility, etc Mark Findlay, Josephine Seah, Willow Wong.
260 ## - PUBLICATION, DISTRIBUTION, ETC. (IMPRINT)
Place of publication UK:
Name of publisher Edward Elgar Publishing:
Year of publication 2023.
300 ## - PHYSICAL DESCRIPTION
Number of Pages v, 147p.
Other physical details illustrations;
504 ## - BIBLIOGRAPHY, ETC. NOTE
Bibliography, etc Includes bibliographical references and index.
505 0# - FORMATTED CONTENTS NOTE
Formatted contents note Disruptive regulation -- Trust as regulation -- Disrupting data - digital self-determination -- Modern AI ethics is a field in the making -- Modelling disruptive regulation.
520 ## - SUMMARY, ETC.
Summary, etc "This provocative and timely book identifies and disrupts the conventional regulation and governance discourses concerning AI and big data. It suggests that, instead of being used as tools for exclusionist commercial markets, AI and big data can be employed in governing digital transformation for social good.Analysing the ways in which global technology companies have colonized data access, the book reveals how trust, ethics, and digital self-determination can be reconsidered and engaged to promote the interests of marginalized stakeholders in data arrangement. Chapters examine the regulation of labour engagement in digital economies, the landscape of AI ethics, and a multitude of questions regarding participation, costs, and sustainability. Presenting several informative case studies, the book challenges some of the accepted qualifiers of frontier tech and data use and proposes innovative ways of actioning the more conventional regulatory components of big data." --
650 #0 - SUBJECT ADDED ENTRY--TOPICAL TERM
Topical Term Artificial intelligence
General subdivision Law and legislation.
650 #0 - SUBJECT ADDED ENTRY--TOPICAL TERM
Topical Term Artificial intelligence
General subdivision Government policy.
650 #0 - SUBJECT ADDED ENTRY--TOPICAL TERM
Topical Term Artificial intelligence
General subdivision Social aspects.
650 #0 - SUBJECT ADDED ENTRY--TOPICAL TERM
Topical Term Big data
General subdivision Government policy.
650 #0 - SUBJECT ADDED ENTRY--TOPICAL TERM
Topical Term Big data
General subdivision Social aspects.
650 #6 - SUBJECT ADDED ENTRY--TOPICAL TERM
Topical Term Intelligence artificielle
General subdivision Politique gouvernementale.
650 #6 - SUBJECT ADDED ENTRY--TOPICAL TERM
Topical Term Intelligence artificielle
General subdivision Aspect social.
650 #6 - SUBJECT ADDED ENTRY--TOPICAL TERM
Topical Term Données volumineuses
General subdivision Politique gouvernementale.
650 #6 - SUBJECT ADDED ENTRY--TOPICAL TERM
Topical Term Données volumineuses
General subdivision Aspect social.
650 #7 - SUBJECT ADDED ENTRY--TOPICAL TERM
Topical Term Artificial intelligence.
650 #7 - SUBJECT ADDED ENTRY--TOPICAL TERM
Topical Term Intelligence artificielle.
650 #7 - SUBJECT ADDED ENTRY--TOPICAL TERM
Topical Term Internet law.
650 #7 - SUBJECT ADDED ENTRY--TOPICAL TERM
Topical Term Artificial intelligence
General subdivision Government policy
650 #7 - SUBJECT ADDED ENTRY--TOPICAL TERM
Topical Term Artificial intelligence
General subdivision Law and legislation
650 #7 - SUBJECT ADDED ENTRY--TOPICAL TERM
Topical Term Artificial intelligence
General subdivision Social aspects
650 #7 - SUBJECT ADDED ENTRY--TOPICAL TERM
Topical Term Big data
General subdivision Social aspects
700 1# - ADDED ENTRY--PERSONAL NAME
Personal name Seah, Josephine,
Relator term author.
700 1# - ADDED ENTRY--PERSONAL NAME
Personal name Wong, Willow,
Relator term author.
942 ## - ADDED ENTRY ELEMENTS (KOHA)
Source of classification or shelving scheme Dewey Decimal Classification
Koha item type Books
Holdings
Withdrawn status Lost status Damaged status Not for loan Home library Current library Date acquired Source of acquisition Cost, normal purchase price Bill Date Full call number Accession Number Cost, replacement price Price effective from Koha item type
        NASSDOC Library NASSDOC Library 21/03/2024 Overseas Press India Limited 5193.33 20-03-2024 006.3 MAR-A 54328 7989.75 20/05/2024 Books